[Event "New Zealand Open"]
[Site "Devonport, Auckland NZL"]
[Date "2016.01.02"]
[EventDate "2016.01.02"]
[Round "1.11"]
[Result "1-0"]
[White "Russell John Dive"]
[Black "Stanley Yee"]
[WhiteElo "2311"]
[BlackElo "1975"]
[PlyCount "137"]

1. Nf3 c5 2. c4 Nc6 3. Nc3 b6 4. g3 Bb7 5. Bg2 Ne5 6. d4 Nxc4
7. dxc5 bxc5 8. O-O e6 9. e4 Nf6 10. Qc2 Be7 11. e5 Nd5
12. Ne4 Ncb6 13. a3 Rc8 14. h4 h6 15. Re1 Qc7 16. Bd2 O-O
17. Rac1 f5 18. exf6 Nxf6 19. Bf4 d6 20. Nc3 e5 21. Bxh6 gxh6
22. Qg6+ Kh8 23. Qxh6+ Nh7 24. Ng5 Bxg5 25. hxg5 Bxg2 26. Kxg2
Qg7 27. Qxd6 Qxg5 28. Ne4 Qf5 29. Rxc5 Rxc5 30. Qxc5 Qf3+
31. Kg1 Qf5 32. Nd6 Qf6 33. Qxe5 Qxe5 34. Rxe5 Nc8 35. Nxc8
Rxc8 36. Re7 Ra8 37. b4 a6 38. Kg2 Nf6 39. f4 Nd5 40. Re5 Nb6
41. Rc5 Na4 42. Rc6 Kg7 43. Kf3 Nb2 44. Kg4 a5 45. b5 Rb8
46. b6 Na4 47. Rc7+ Kf6 48. b7 Nb2 49. Kf3 Ke6 50. g4 Kd6
51. Rh7 Nc4 52. g5 Ke6 53. Rc7 Nd6 54. Kg4 Nxb7 55. f5+ Kd6
56. Rc3 Nc5 57. Re3 Nd7 58. Re6+ Kd5 59. g6 Ne5+ 60. Kg5 Nf3+
61. Kf4 Nd4 62. Re5+ Kd6 63. Rxa5 Ke7 64. Ra7+ Kf8 65. Rd7 Nb5
66. Kg5 Nxa3 67. f6 Nc4 68. Rh7 Rb5+ 69. Kh6 1-0

[Event "New Zealand Open"]
[Site "Devonport, Auckland NZL"]
[Date "2016.01.02"]
[EventDate "2016.01.02"]
[Round "1.13"]
[Result "1-0"]
[White "Ben Hague"]
[Black "Helen Milligan"]
[WhiteElo "2287"]
[BlackElo "1957"]
[PlyCount "103"]

1. e4 e5 2. Bc4 Nf6 3. d3 Nc6 4. Nf3 Be7 5. Bb3 d6 6. c3 Na5
7. Bc2 c5 8. O-O O-O 9. d4 Bg4 10. dxe5 Bxf3 11. Qxf3 dxe5
12. Qg3 Nc6 13. Na3 Re8 14. Nc4 Qc7 15. Ne3 Bf8 16. Nf5 g6
17. Bg5 Nh5 18. Qh4 c4 19. Nh6+ Bxh6 20. Bxh6 Qe7 21. Bg5 f6
22. Be3 Red8 23. Bd1 Ng7 24. Be2 b5 25. Qg3 Ne6 26. b3 Na5
27. b4 Nb7 28. a4 a6 29. h4 Nd6 30. Bf3 bxa4 31. h5 g5
32. Rfc1 Qe8 33. Qg4 Rab8 34. Bd1 Nf4 35. Bxf4 exf4 36. Bxa4
Nb5 37. Bd1 Qe5 38. Be2 Nxc3 39. Bxc4+ Kh8 40. Bxa6 Rxb4
41. Bd3 Qd4 42. Qf5 Rb2 43. Kh1 Rb7 44. e5 Qxd3 45. Qxf6+ Kg8
46. Rxc3 Qd4 47. Rac1 Rbd7 48. Qxg5+ Kh8 49. Rc8 Qd1+ 50. Rxd1
Rxd1+ 51. Kh2 Rxc8 52. Qf6+ 1-0

[Event "New Zealand Open"]
[Site "Devonport, Auckland NZL"]
[Date "2016.01.02"]
[EventDate "2016.01.02"]
[Round "1.14"]
[Result "1/2-1/2"]
[White "Paul Macdonald"]
[Black "Anthony F Ker"]
[WhiteElo "1946"]
[BlackElo "2283"]
[PlyCount "130"]

1. d4 d6 2. e4 Nf6 3. Nc3 g6 4. f4 Bg7 5. Nf3 c5 6. dxc5 Qa5
7. Qd3 Qxc5 8. Be3 Qa5 9. Qb5+ Qxb5 10. Bxb5+ Bd7 11. Bxd7+
Nbxd7 12. O-O-O Ng4 13. Bd4 e5 14. fxe5 dxe5 15. Bg1 a6 16. h3
Ngf6 17. g4 h6 18. Bh2 O-O 19. Rhe1 Rfe8 20. Nd5 Nxd5 21. Rxd5
Re7 22. b3 Rae8 23. a4 Nb8 24. Nd2 Nc6 25. c3 Rc7 26. Kb2 Ne7
27. Rd3 b5 28. axb5 axb5 29. Ra1 f6 30. Bg1 Kf7 31. b4 Bf8
32. Bc5 Nc6 33. Bxf8 Rxf8 34. Nb3 Nd8 35. Ra5 Ne6 36. Rxb5
Rfc8 37. Ra5 Nf4 38. Rf3 Rd7 39. Nc5 Rd2+ 40. Kb3 Rh2 41. Ra7+
Kg8 42. Nd7 f5 43. gxf5 Ne2 44. Nc5 gxf5 45. exf5 e4 46. Re3
Nc1+ 47. Kc4 Nd3 48. Rxe4 Nxc5 49. bxc5 Rxh3 50. Rg4+ Kh8
51. f6 Rh5 52. Rgg7 Rhxc5+ 53. Kd4 Rc4+ 54. Kd5 R4c5+ 55. Ke6
R5c6+ 56. Kf5 Rc5+ 57. Kg6 Rg5+ 58. Kxh6 Rxg7 59. Rxg7 Rxc3
60. Rg5 Rf3 61. Kg6 Kg8 62. Ra5 Rg3+ 63. Kf5 Kf7 64. Ra7+ Kf8
65. Rb7 Rg1 1/2-1/2

[Event "New Zealand Open"]
[Site "Devonport, Auckland NZL"]
[Date "2016.01.02"]
[EventDate "2016.01.02"]
[Round "1.19"]
[Result "1/2-1/2"]
[White "Leonard J McLaren"]
[Black "Layla Timergazi"]
[WhiteElo "2236"]
[BlackElo "1915"]
[PlyCount "136"]

1. e4 c6 2. d4 d5 3. e5 c5 4. dxc5 Nc6 5. Bb5 e6 6. Be3 Bd7
7. Bxc6 Bxc6 8. Nf3 Ne7 9. c3 Nf5 10. Bd4 Be7 11. O-O O-O
12. b4 Qd7 13. Nbd2 f6 14. Re1 Nh6 15. Qb3 Nf7 16. Qb2 fxe5
17. Bxe5 Bf6 18. Nb3 Rae8 19. Nbd4 a6 20. Rad1 Ba4 21. Rd2
Nxe5 22. Nxe5 Qc7 23. Rde2 Bd1 24. Rxd1 Bxe5 25. g3 Bxd4
26. cxd4 Rf3 27. a4 Ref8 28. b5 Qa5 29. bxa6 Qxa6 30. Qb5 Ra8
31. Rb1 Rf7 32. Qxa6 Rxa6 33. Rb4 Kf8 34. f4 Re7 35. Kf2 Ra7
36. Ra2 Kf7 37. a5 Re8 38. Ke3 Kf6 39. Rb6 Rea8 40. Rb5 Kf5
41. Kf3 h5 42. h3 g6 43. Ra1 Kf6 44. Ra3 g5 45. g4 hxg4+
46. hxg4 Rh8 47. Kg3 Rh1 48. fxg5+ Kxg5 49. Re3 Rg1+ 50. Kf3
Rf1+ 51. Ke2 Rf4 52. Kd3 Rf6 53. Rg3 Rf4 54. Kc3 Rxg4
55. Rxg4+ Kxg4 56. Kb4 Kf4 57. Rb6 Ke4 58. Rxe6+ Kxd4 59. c6
bxc6 60. Rxc6 Ke3 61. Re6+ Kd3 62. a6 d4 63. Kb5 Kc3 64. Rc6+
Kb3 65. Kb6 Rxa6+ 66. Kxa6 d3 67. Rd6 Kc2 68. Rc6+ Kb2 1/2-1/2

[Event "New Zealand Open"]
[Site "Devonport NZL"]
[Date "2016.01.03"]
[EventDate "?"]
[Round "2.1"]
[Result "0-1"]
[White "Mark Fredrick Noble"]
[Black "Nigel Short"]
[WhiteElo "2241"]
[BlackElo "2684"]
[PlyCount "60"]

1. e4 c5 2. Nf3 d6 3. d3 Nc6 4. Be2 g6 5. Nbd2 Bg7 6. c3 e5
7. Nf1 Nge7 8. Ng3 d5 9. Qc2 h6 10. Bd2 Be6 11. h3 f5 12. exf5
Nxf5 13. Nf1 Qd7 14. Ne3 O-O 15. Qc1 Rae8 16. Nh2 Kh7 17. Nhg4
d4 18. Nxf5 gxf5 19. Nxh6 Rf6 20. g4 Rxh6 21. Bxh6 Bxh6 22. g5
Bg7 23. g6+ Kg8 24. h4 Bd5 25. Rg1 e4 26. dxe4 Rxe4 27. Kf1 f4
28. Rh1 Rxe2 29. Kxe2 Bc4+ 30. Kf3 Ne5+ 0-1

[Event "New Zealand Open"]
[Site "Devonport NZL"]
[Date "2016.01.03"]
[EventDate "?"]
[Round "2.2"]
[Result "1-0"]
[White "Gawain Jones"]
[Black "Paul Anthony Garbett"]
[WhiteElo "2625"]
[BlackElo "2250"]
[PlyCount "130"]

1. e4 c5 2. Nf3 e6 3. d4 cxd4 4. Nxd4 Nc6 5. Nc3 Qc7 6. Be3 a6
7. Qf3 Bd6 8. g3 Ne5 9. Qe2 Bb4 10. Bd2 b5 11. f4 Nc6 12. Nxc6
Qxc6 13. O-O-O Ne7 14. Qg4 O-O 15. Bd3 f6 16. Kb1 Bc5 17. Qh5
g6 18. Qh6 b4 19. Ne2 f5 20. exf5 Nxf5 21. Qh3 Bb7 22. g4 Nd6
23. Ng3 Qg2 24. Qh4 Ne4 25. Bc1 Nf2 26. Bxg6 hxg6 27. Rxd7 Rf7
28. Rxf7 Kxf7 29. Qh7+ Ke8 30. Qxg6+ Kd7 31. Qf7+ Kc6
32. Qxe6+ Kb5 33. Re1 Qd5 34. g5 Qxe6 35. Rxe6 Bd5 36. Re5 Rd8
37. g6 Ng4 38. Rg5 Nxh2 39. g7 Kc6 40. Nf5 Nf3 41. Rg6+ Kb7
42. Rg3 Nd4 43. Rd3 Bc4 44. Nh6 Re8 45. Re3 Rc8 46. f5 Nxf5
47. Nxf5 Bxe3 48. Bxe3 Kc7 49. Bf4+ Kd7 50. Nd6 Rg8 51. Nxc4
Rxg7 52. b3 Kc6 53. Bd2 Kb5 54. a4+ bxa3 55. Nxa3+ Kc6 56. Kb2
Rg2 57. Nc4 Rh2 58. Kc3 Kb5 59. Kd4 Rh4+ 60. Kd5 Rh5+ 61. Ne5
Rh2 62. c4+ Kb6 63. Be3+ Kb7 64. c5 Rh3 65. Nc4 Rh5+ 1-0

[Event "New Zealand Open"]
[Site "Devonport NZL"]
[Date "2016.01.03"]
[EventDate "?"]
[Round "2.3"]
[Result "0-1"]
[White "Robert Wayne Smith"]
[Black "Alexandr Hilario Takeda dos Santos Fier"]
[WhiteElo "2208"]
[BlackElo "2607"]
[PlyCount "128"]

1. d4 Nf6 2. c4 c5 3. d5 e6 4. Nc3 exd5 5. cxd5 d6 6. h3 g6
7. Nf3 Bg7 8. Bf4 O-O 9. e3 Re8 10. Nd2 Na6 11. Be2 Nc7
12. Nc4 Bf8 13. a4 Bf5 14. O-O Ne4 15. Nxe4 Bxe4 16. Bf3 Qf6
17. Bxe4 Rxe4 18. Qd3 Ree8 19. Rad1 Rad8 20. Bg3 Na6 21. e4
Nb4 22. Qb1 Qe7 23. Rfe1 Bg7 24. Qc1 Qf8 25. Qd2 Bh6 26. Qc3
Bg7 27. Qd2 Bd4 28. Qf4 f5 29. Qf3 fxe4 30. Qxf8+ Rxf8
31. Rxe4 Nxd5 32. Nxd6 Nf6 33. Rexd4 cxd4 34. Rxd4 Ne8 35. Nf5
Rxd4 36. Nxd4 Ng7 37. Be5 Rc8 38. g4 a6 39. Kg2 Kf7 40. Kf3
Ne6 41. Nxe6 Kxe6 42. Bc3 b6 43. Bd4 Rc4 44. Bxb6 Rxa4 45. Ke3
Kd5 46. Bd8 Re4+ 47. Kf3 Re8 48. Ba5 Rb8 49. Bc3 Rb5 50. Ke3
a5 51. f4 Ke6 52. Kd4 a4 53. Kc4 Rb7 54. Kc5 Rf7 55. Bd2 Rd7
56. Bc3 Rd3 57. Kb4 Rxh3 58. g5 Rh4 59. Bd2 h5 60. gxh6 g5
61. h7 gxf4 62. h8=Q Rxh8 63. Kxa4 f3 64. Be3 Rh2 0-1

[Event "New Zealand Open"]
[Site "Devonport NZL"]
[Date "2016.01.03"]
[EventDate "?"]
[Round "2.4"]
[Result "1-0"]
[White "Qun Ma"]
[Black "Gino Thornton"]
[WhiteElo "2606"]
[BlackElo "2207"]
[PlyCount "85"]

1. c4 e5 2. g3 Nf6 3. Bg2 d5 4. cxd5 Nxd5 5. Nc3 Nb6 6. Nf3
Nc6 7. a3 Be6 8. d3 Be7 9. O-O O-O 10. b4 Nd4 11. Rb1 Nxf3+
12. Bxf3 c6 13. Bd2 Qc8 14. Qc2 Bg4 15. Bh1 Rd8 16. Rfe1 h5
17. Ne4 h4 18. Qb2 hxg3 19. hxg3 f6 20. Nc5 Rb8 21. Qb3+ Kh8
22. Rbc1 Bxc5 23. Rxc5 Be6 24. Qc2 Qd7 25. a4 Nd5 26. b5 cxb5
27. axb5 Rbc8 28. Rxc8 Rxc8 29. Qa4 b6 30. Ra1 Rc7 31. Bf3 Ne7
32. Kg2 Nf5 33. Qe4 Kg8 34. Qa8+ Kf7 35. Bc6 Rxc6 36. bxc6
Bd5+ 37. f3 Nh4+ 38. Kf2 Qh3 39. Rxa7+ Kg6 40. Qe8+ Kh7
41. Qh5+ Kg8 42. Ra8+ Qc8 43. Rxc8# 1-0

[Event "New Zealand Open"]
[Site "Devonport, Auckland NZL"]
[Date "2016.01.03"]
[EventDate "2016.01.02"]
[Round "2.5"]
[Result "0-1"]
[White "Tim Reilly"]
[Black "Matthieu Cornette"]
[WhiteElo "2203"]
[BlackElo "2591"]
[PlyCount "58"]

1. d4 Nf6 2. c4 e6 3. Nc3 Bb4 4. e3 b6 5. Nge2 Ba6 6. Ng3 h5
7. h4 Bb7 8. Bd2 Bd6 9. Rh3 Be7 10. f3 c5 11. dxc5 bxc5
12. Qb3 Bc6 13. O-O-O d6 14. e4 Nbd7 15. Bf4 Rb8 16. Qc2 Qc7
17. Be2 a6 18. Nf1 Ne5 19. Ne3 Nfd7 20. Bh2 Ba8 21. Qd2 Qa5
22. f4 Nc6 23. e5 Nd4 24. exd6 Bxd6 25. f5 Bxh2 26. fxe6 Ne5
27. exf7+ Kf8 28. Rxh2 Be4 29. Nxe4 Qxa2 0-1

[Event "New Zealand Open"]
[Site "Devonport, Auckland NZL"]
[Date "2016.01.03"]
[EventDate "2016.01.02"]
[Round "2.6"]
[Result "1-0"]
[White "Ju Wenjun"]
[Black "Hans Gao"]
[WhiteElo "2548"]
[BlackElo "2183"]
[PlyCount "71"]

1. d4 Nf6 2. Bg5 c5 3. d5 Qb6 4. Bxf6 gxf6 5. Qc1 Bh6 6. e3
Na6 7. c4 d6 8. Nc3 f5 9. Nge2 Nc7 10. Nf4 Qa5 11. a4 a6
12. Bd3 Bd7 13. Qc2 b5 14. Bxf5 Bxf5 15. Qxf5 bxc4 16. O-O Qb4
17. Rab1 Bg7 18. Nh5 Be5 19. Ne4 Nxd5 20. Ng5 Nf6 21. f4 Bxb2
22. Nxf6+ exf6 23. Qe4+ Kd7 24. Nxf7 c3 25. Qd5 c4 26. Rfd1
Rhf8 27. Nxd6 Kc7 28. Rd4 Rfd8 29. Rxc4+ Qxc4 30. Qxc4+ Kxd6
31. f5 Rac8 32. Rd1+ Ke7 33. Qe6+ Kf8 34. Qxf6+ Ke8 35. Qh8+
Ke7 36. f6+ 1-0

[Event "New Zealand Open"]
[Site "Devonport, Auckland NZL"]
[Date "2016.01.03"]
[EventDate "2016.01.02"]
[Round "2.7"]
[Result "0-1"]
[White "Reyk Schaefer"]
[Black "Thorben Koop"]
[WhiteElo "2134"]
[BlackElo "2417"]
[PlyCount "64"]

1. Nf3 Nf6 2. c4 c5 3. Nc3 b6 4. e4 d6 5. d4 cxd4 6. Nxd4 e6
7. g3 Bb7 8. Bg2 a6 9. O-O Qc7 10. Qe2 Nbd7 11. Be3 Be7
12. Rac1 O-O 13. b3 Rac8 14. Rfd1 Qb8 15. f3 Rfe8 16. Qf2 Bf8
17. Nde2 Ba8 18. Nd4 h6 19. Bf1 Nc5 20. Nc2 Ncd7 21. Nd4 Qb7
22. Bg2 Rcd8 23. h3 d5 24. cxd5 exd5 25. Nxd5 Nxd5 26. exd5
Nf6 27. f4 Ne4 28. Qf3 Rxd5 29. Kh2 Qd7 30. Qxe4 Rxe4 31. Bxe4
Rh5 32. Nf5 Qe8 0-1

[Event "New Zealand Open"]
[Site "Devonport, Auckland NZL"]
[Date "2016.01.03"]
[EventDate "2016.01.02"]
[Round "2.8"]
[Result "1-0"]
[White "Deimante Daulyte"]
[Black "Eric Moskow"]
[WhiteElo "2378"]
[BlackElo "2127"]
[PlyCount "41"]

1. e4 c5 2. Nc3 Nc6 3. Nf3 g6 4. Bb5 Nd4 5. Bc4 Bg7 6. Nxd4
cxd4 7. Qf3 Nh6 8. Ne2 O-O 9. d3 Ng4 10. Bb3 Ne5 11. Qg3 Nc6
12. h4 e6 13. h5 Qe7 14. Bf4 Re8 15. Qh2 g5 16. h6 Bf6 17. Qg3
Kh8 18. Bd6 Qd8 19. Bc7 Qe7 20. e5 Qb4+ 21. c3 1-0

[Event "New Zealand Open"]
[Site "Devonport, Auckland NZL"]
[Date "2016.01.03"]
[EventDate "2016.01.02"]
[Round "2.9"]
[Result "0-1"]
[White "John Duneas"]
[Black "Scott Wastney"]
[WhiteElo "2110"]
[BlackElo "2345"]
[PlyCount "146"]

1. d4 Nf6 2. c4 e6 3. Nf3 d5 4. Nc3 Bb4 5. Qb3 c5 6. e3 O-O
7. a3 Ba5 8. cxd5 exd5 9. Be2 c4 10. Qc2 b5 11. O-O a6 12. Ne5
Bb7 13. Rd1 Nbd7 14. f4 Ne4 15. Nxe4 dxe4 16. b3 cxb3 17. Qxb3
Nf6 18. Bd2 Bd5 19. Qb2 Bxd2 20. Rxd2 Ne8 21. Rc2 f6 22. Nc6
Qd7 23. Nb4 Bf7 24. a4 Nd6 25. axb5 axb5 26. Na6 Bc4 27. Nc5
Qf7 28. Ra6 Rxa6 29. Nxa6 Ra8 30. Bxc4 Nxc4 31. Qxb5 Nxe3
32. Re2 Qc4 33. Qxc4+ Nxc4 34. Nc5 f5 35. Rc2 Ne3 36. Rc1 Ra2
37. g3 Rg2+ 38. Kh1 Rd2 39. Ne6 h6 40. h3 Kf7 41. Nd8+ Ke7
42. Nc6+ Kd6 43. Ne5 Rd1+ 44. Rxd1 Nxd1 45. g4 fxg4 46. hxg4
Kd5 47. Kg2 Kxd4 48. Kg3 Nc3 49. Kf2 e3+ 50. Kg3 e2 51. Kf2
Ke4 52. Ng6 Kd3 53. Ne5+ Ke4 54. Ng6 Nd5 55. f5 Nf6 56. g5
hxg5 57. Kxe2 Kxf5 58. Ne7+ Kg4 59. Kf2 Kh3 60. Nf5 Nh5
61. Ne3 g4 62. Kg1 Nf4 63. Nf5 g3 64. Nd4 g6 65. Kh1 Kg4
66. Kg1 Kh4 67. Kh1 Kh3 68. Kg1 g2 69. Kf2 Kh2 70. Nf3+ Kh1
71. Kg3 Ne6 72. Kf2 Ng5 73. Ng1 Ne4+ 0-1

[Event "New Zealand Open"]
[Site "Devonport, Auckland NZL"]
[Date "2016.01.03"]
[EventDate "2016.01.02"]
[Round "2.10"]
[Result "1-0"]
[White "Aleksei Kulashko"]
[Black "Leo Zhang"]
[WhiteElo "2341"]
[BlackElo "2087"]
[PlyCount "121"]

1. e4 c5 2. Nf3 d6 3. d4 Nf6 4. Nc3 cxd4 5. Nxd4 a6 6. h3 e6
7. g4 Be7 8. g5 Nfd7 9. h4 b5 10. a3 Bb7 11. f4 Nc6 12. Be3
Qc7 13. Rh3 Nc5 14. Bg2 Rc8 15. h5 Nxd4 16. Qxd4 e5 17. Qd2
exf4 18. Bxf4 Ne6 19. Be3 Qd8 20. Rg3 h6 21. Bh3 hxg5 22. Bxe6
fxe6 23. O-O-O Rxh5 24. e5 d5 25. Qd3 Rh6 26. Rdg1 d4 27. Bxd4
Kf8 28. Rd1 Kg8 29. Rh3 Qe8 30. Rd2 Qg6 31. Qxg6 Rxg6 32. Rdh2
Kf7 33. Rf2+ Ke8 34. Be3 g4 35. Rh8+ Kd7 36. Rxc8 Kxc8 37. Ne2
g3 38. Rf7 Kd8 39. Nf4 Rh6 40. Rxg7 g2 41. Kd2 Be4 42. Kc3 Ke8
43. Kd4 Bxc2 44. Rxg2 Bb3 45. Ng6 Rh7 46. Nxe7 Rxe7 47. Rg8+
Kd7 48. Kc5 Kc7 49. Kb4 Bd5 50. Ka5 Kb7 51. Bb6 Rd7 52. Re8
Bc4 53. Bc5 Kc6 54. Bd6 Ra7 55. Rc8+ Kd7 56. Rb8 Kc6 57. Rc8+
Kd7 58. Rc5 Kd8 59. Kb6 Ra8 60. Kb7 Bd5+ 61. Rxd5 1-0

[Event "New Zealand Open"]
[Site "Devonport, Auckland NZL"]
[Date "2016.01.03"]
[EventDate "2016.01.02"]
[Round "2.11"]
[Result "0-1"]
[White "David Cilia Vincenti"]
[Black "Russell John Dive"]
[WhiteElo "2061"]
[BlackElo "2311"]
[PlyCount "66"]

1. d4 Nf6 2. c4 c5 3. d5 b5 4. Qc2 g6 5. e4 d6 6. cxb5 Bg7
7. Nc3 O-O 8. Nf3 a6 9. bxa6 Qa5 10. Be2 Nxe4 11. Bd2 Nxd2
12. Nxd2 Nxa6 13. Nc4 Qb4 14. a3 Qb7 15. O-O Nc7 16. Bf3 Nb5
17. Nxb5 Qxb5 18. Rfe1 Ba6 19. Be2 Rfb8 20. Rab1 Qb3 21. Qe4
Bf6 22. Na5 Qa2 23. Nc6 Rxb2 24. Rxb2 Qxb2 25. Bxa6 Rxa6
26. a4 Kg7 27. h4 h5 28. a5 Ra8 29. Rb1 Qa2 30. Rb7 c4
31. Nxe7 c3 32. Nxg6 c2 33. Qe6 Qb1+ 0-1

[Event "New Zealand Open"]
[Site "Devonport, Auckland NZL"]
[Date "2016.01.03"]
[EventDate "2016.01.02"]
[Round "2.12"]
[Result "1-0"]
[White "Nino Maisuradze"]
[Black "Matthew McNabb"]
[WhiteElo "2288"]
[BlackElo "2083"]
[PlyCount "143"]

1. d4 d5 2. c4 c6 3. Nf3 Nf6 4. e3 Bg4 5. cxd5 cxd5 6. Qb3 Qc7
7. Nc3 Bxf3 8. gxf3 e6 9. Bd2 Nc6 10. Rc1 Be7 11. Bd3 O-O
12. O-O Rad8 13. Na4 e5 14. dxe5 Qxe5 15. f4 Qh5 16. f3 Rd6
17. Nc5 b6 18. Nb7 Ne4 19. fxe4 Rg6+ 20. Kh1 Qg4 21. Rf2 Bh4
22. Be2 Qh3 23. Bf1 Qd7 24. Rg2 dxe4 25. Rxg6 hxg6 26. Qc2 Rc8
27. Bb5 Qh3 28. Qd1 Ne7 29. Rxc8+ Nxc8 30. Bc1 Bg3 31. Qe2
Bxh2 32. Qxh2 Qf3+ 33. Qg2 Qh5+ 34. Kg1 Qxb5 35. Qd2 Qc6
36. Nd8 Qc7 37. b3 Nd6 38. Ba3 Qxd8 39. Bxd6 Qh4 40. Be5 Qg3+
41. Kf1 Qf3+ 42. Qf2 Qh1+ 43. Qg1 Qh5 44. Ke1 f6 45. Bc3 Qc5
46. Kd2 Qd5+ 47. Kc1 Qd3 48. Qe1 g5 49. fxg5 fxg5 50. Qd2 Qf1+
51. Kb2 Qf5 52. Qd4 Qg6 53. Qd8+ Kh7 54. Be5 b5 55. Qd6 Qf7
56. Qc7 Qf2+ 57. Ka3 Qf8+ 58. Bd6 Qf1 59. Kb4 Qe1+ 60. Kxb5
Qxe3 61. Be5 Qe2+ 62. Kb4 Kg6 63. Qxa7 Kf5 64. Bc3 e3 65. Qxg7
Qg4+ 66. Kc5 e2 67. Qd7+ Kf4 68. Qxg4+ Kxg4 69. Be1 Kf3
70. Kd4 Kg2 71. Ke3 Kf1 72. Kd2 1-0

[Event "New Zealand Open"]
[Site "Devonport, Auckland NZL"]
[Date "2016.01.03"]
[EventDate "2016.01.02"]
[Round "2.13"]
[Result "0-1"]
[White "Jack James"]
[Black "Ben Hague"]
[WhiteElo "1935"]
[BlackElo "2287"]
[PlyCount "84"]

1. e4 c5 2. Nf3 Nc6 3. d3 g6 4. c3 Bg7 5. Nbd2 Nf6 6. Be2 O-O
7. Qc2 d5 8. Nf1 d4 9. Bd2 e5 10. Ng3 Qd6 11. h3 b5 12. a4
dxc3 13. Bxc3 b4 14. Bd2 Be6 15. b3 Rac8 16. O-O Nd7 17. Bd1
Rfd8 18. Qb1 Nf8 19. Bc2 f6 20. Kh2 Bf7 21. Ne1 Ne6 22. Qd1
Nf4 23. Ne2 f5 24. f3 Nxe2 25. Qxe2 Nd4 26. Qd1 f4 27. g4 Bf6
28. Bc1 Bh4 29. Bb2 Kg7 30. Bxd4 cxd4 31. Qd2 Rc3 32. Rb1 Rdc8
33. Rb2 a5 34. Kg1 Be6 35. Ng2 Bg3 36. Rfb1 h5 37. Ne1 Rh8
38. Qg2 Qd8 39. Kf1 hxg4 40. fxg4 Bxe1 41. Qf3 Bg3 42. Kg2
Rxh3 0-1

[Event "New Zealand Open"]
[Site "Devonport, Auckland NZL"]
[Date "2016.01.03"]
[EventDate "2016.01.02"]
[Round "2.14"]
[Result "1-0"]
[White "Michael Steadman"]
[Black "Daniel Hanwen Gong"]
[WhiteElo "2252"]
[BlackElo "2055"]
[PlyCount "71"]

1. d4 Nf6 2. c4 c5 3. d5 d6 4. Nc3 g6 5. e4 Bg7 6. h3 O-O
7. Bg5 h6 8. Be3 e6 9. Bd3 exd5 10. cxd5 Re8 11. Nf3 Na6
12. O-O Nc7 13. a4 Rb8 14. Qd2 Kh7 15. Rab1 b5 16. axb5 a6
17. b4 c4 18. Bxc4 Nxb5 19. Bxb5 axb5 20. Nd4 Bd7 21. f3 Nh5
22. g4 Ng3 23. Rfd1 f5 24. Bf4 Be5 25. Bxe5 dxe5 26. Nc6 Bxc6
27. dxc6 Qb6+ 28. Qf2 Qxc6 29. Nd5 f4 30. Rbc1 Qe6 31. Rc7+
Kg8 32. Rdc1 Kf8 33. R1c6 Ra8 34. Rxe6 Ra1+ 35. Kg2 Rxe6
36. Qc5+ 1-0

[Event "New Zealand Open"]
[Site "Devonport, Auckland NZL"]
[Date "2016.01.03"]
[EventDate "2016.01.02"]
[Round "2.15"]
[Result "1-0"]
[White "Anthony F Ker"]
[Black "L Ross Jackson"]
[WhiteElo "2283"]
[BlackElo "1884"]
[PlyCount "47"]

1. e4 c5 2. c3 d5 3. exd5 Qxd5 4. d4 Nc6 5. Nf3 Bg4 6. Be2
cxd4 7. cxd4 e6 8. h3 Bh5 9. Nc3 Qa5 10. O-O Nf6 11. Qb3 Qb6
12. Qxb6 axb6 13. Be3 Nd5 14. Nxd5 exd5 15. Rfc1 Bd6 16. g4
Bg6 17. Bb5 Rc8 18. Ne5 Bxe5 19. dxe5 O-O 20. f4 d4 21. Bxc6
dxe3 22. Bxb7 Rxc1+ 23. Rxc1 Bd3 24. Re1 1-0

[Event "New Zealand Open"]
[Site "Devonport, Auckland NZL"]
[Date "2016.01.03"]
[EventDate "2016.01.02"]
[Round "2.16"]
[Result "0-1"]
[White "Allen Chi Zhou Fan"]
[Black "Leonard J McLaren"]
[WhiteElo "1825"]
[BlackElo "2236"]
[PlyCount "100"]

1. Nf3 Nf6 2. c4 e6 3. g3 b6 4. Bg2 Bb7 5. O-O Be7 6. Nc3 O-O
7. Re1 d5 8. cxd5 Nxd5 9. d4 Nd7 10. e4 N5f6 11. d5 e5 12. Nh4
Ne8 13. Nf5 Bf6 14. b4 g6 15. Nh6+ Kh8 16. Ne2 Nd6 17. g4 Bg5
18. Ng3 Kg7 19. h4 Bxh4 20. g5 Bxg5 21. Ng4 h5 22. Nh2 Rh8
23. Bh3 Bc8 24. Qc2 Bxc1 25. Raxc1 Nf6 26. Bf1 h4 27. Nh1
Nfxe4 28. Nf3 Qf6 29. Rxe4 Qxf3 30. Bg2 Qf6 31. Re3 h3 32. Be4
h2+ 33. Kf1 Nxe4 34. Qxe4 Rh4 35. Qg2 Ba6+ 36. Ke1 Rah8
37. Rxc7 Qd6 38. Rec3 Qxb4 39. Qf3 Rf4 40. Qg3 Qe4+ 41. Kd2
Qxd5+ 42. Kc2 Qxa2+ 43. Kc1 Rd8 44. Qe3 Qa1+ 45. Kc2 Qd1+
46. Kb2 Rd2+ 47. Rc2 Rxc2+ 48. Rxc2 Qd4+ 49. Rc3 Qxe3 50. Rxe3
Bb7 0-1

[Event "New Zealand Open"]
[Site "Devonport, Auckland NZL"]
[Date "2016.01.03"]
[EventDate "2016.01.02"]
[Round "2.17"]
[Result "1-0"]
[White "Heather Richards"]
[Black "Paul Macdonald"]
[WhiteElo "2165"]
[BlackElo "1946"]
[PlyCount "55"]

1. e4 d6 2. d4 Nf6 3. Nc3 g6 4. Be3 c6 5. Qd2 b5 6. f3 Nbd7
7. g4 Nb6 8. g5 Nfd7 9. h4 Bb7 10. h5 Rg8 11. a4 b4 12. Nd1 a5
13. c3 bxc3 14. Nxc3 e5 15. hxg6 hxg6 16. d5 cxd5 17. exd5 Rc8
18. Rh4 Bg7 19. Bb5 Ke7 20. Nge2 Nc5 21. Bxc5 Rxc5 22. Ng3 Rh8
23. Rxh8 Qxh8 24. Nce4 Qh4 25. Qf2 Qf4 26. Ne2 Rc2 27. Qxb6
Qh4+ 28. Kd1 1-0

[Event "New Zealand Open"]
[Site "Devonport, Auckland NZL"]
[Date "2016.01.03"]
[EventDate "2016.01.02"]
[Round "2.18"]
[Result "0-1"]
[White "Caroline Yan"]
[Black "Alphaeus Wei Ern Ang"]
[WhiteElo "1672"]
[BlackElo "2136"]
[PlyCount "76"]

1. d4 Nf6 2. c4 g6 3. Nc3 Bg7 4. Nf3 O-O 5. e4 d6 6. Be2 e5
7. O-O Nc6 8. d5 Ne7 9. Re1 Ne8 10. Nd2 c5 11. Rb1 f5 12. f3
f4 13. b4 b6 14. bxc5 bxc5 15. Nf1 h5 16. Bd2 g5 17. Qa4 g4
18. Nb5 Ng6 19. Ba5 Qg5 20. Nc7 Nxc7 21. Bxc7 gxf3 22. Bxf3
Nh4 23. Kf2 Nxf3 24. gxf3 Bh3 25. Ke2 Qg2+ 26. Kd1 Qxf3+
27. Kc2 Bxf1 28. Rxf1 Qxe4+ 29. Kb2 Rab8+ 30. Bxb8 Rxb8+
31. Ka3 Rxb1 32. Qe8+ Bf8 33. Rxb1 Qxb1 34. Qe6+ Kh8 35. Qf6+
Bg7 36. Qd8+ Kh7 37. Qa5 Qb4+ 38. Qxb4 cxb4+ 0-1

[Event "New Zealand Open"]
[Site "Devonport, Auckland NZL"]
[Date "2016.01.03"]
[EventDate "2016.01.02"]
[Round "2.19"]
[Result "1/2-1/2"]
[White "Layla Timergazi"]
[Black "Tony Dowden"]
[WhiteElo "1915"]
[BlackElo "2088"]
[PlyCount "69"]

1. e4 e6 2. d4 d5 3. Nc3 Bb4 4. Nge2 dxe4 5. a3 Be7 6. Nxe4
Nd7 7. g3 b6 8. Bg2 Ba6 9. O-O Ngf6 10. Nxf6+ Bxf6 11. Bxa8
Qxa8 12. Re1 O-O 13. Nf4 Rd8 14. Qg4 Bb7 15. d5 Ne5 16. Rxe5
Bxe5 17. Nd3 Bf6 18. dxe6 Bf3 19. exf7+ Kxf7 20. Qf5 Be4
21. Qf4 c5 22. Bd2 Kg8 23. Re1 Rd4 24. Bc3 Bh1 25. Re8+ Qxe8
26. Bxd4 Bxd4 27. Kxh1 Qe2 28. Qb8+ Kf7 29. Qxa7+ Kg8 30. Qa8+
Kf7 31. Qd5+ Kf8 32. Qd8+ Kf7 33. Qc7+ Ke8 34. Qc8+ Ke7
35. Qc7+ 1/2-1/2

[Event "New Zealand Open"]
[Site "Devonport, Auckland NZL"]
[Date "2016.01.03"]
[EventDate "2016.01.02"]
[Round "2.20"]
[Result "0-1"]
[White "Philip I Hair"]
[Black "Matthew Drummond"]
[WhiteElo "1932"]
[BlackElo "2255"]
[PlyCount "72"]

1. e4 e6 2. Qe2 c5 3. f4 Nc6 4. Nf3 g6 5. g3 Bg7 6. Bg2 Nge7
7. c3 d6 8. d3 O-O 9. Be3 b6 10. Nbd2 Ba6 11. Rb1 d5 12. c4
dxc4 13. dxc4 Nb4 14. O-O Nxa2 15. Nh4 Nc6 16. e5 Nab4 17. Kh1
Qe7 18. Ne4 Rad8 19. Nd6 f6 20. exf6 Bxf6 21. Ne4 Bxh4
22. gxh4 Nd4 23. Bxd4 Rxd4 24. b3 Bb7 25. h5 gxh5 26. Ng5
Rdxf4 27. Rxf4 Rxf4 28. Qxh5 Bxg2+ 29. Kxg2 Rf5 30. h4 Nd3
31. Kh2 Qc7+ 32. Kh1 Qc6+ 33. Kg1 Qg2+ 34. Kxg2 Nf4+ 35. Kh2
Nxh5 36. Nxe6 Nf6 0-1

[Event "New Zealand Open"]
[Site "Devonport, Auckland NZL"]
[Date "2016.01.03"]
[EventDate "2016.01.02"]
[Round "2.21"]
[Result "1-0"]
[White "William Xiang Wei Li"]
[Black "Christopher Benson"]
[WhiteElo "2030"]
[BlackElo "1920"]
[PlyCount "47"]

1. d4 f5 2. Bg5 g6 3. Nc3 d5 4. Qd2 Bg7 5. f3 Nc6 6. e3 Nf6
7. Bb5 O-O 8. Nge2 h6 9. Bxf6 Rxf6 10. Nf4 e6 11. Bxc6 bxc6
12. e4 dxe4 13. fxe4 fxe4 14. Nxe4 Rxf4 15. Qxf4 Qxd4 16. Rd1
Qxb2 17. O-O Ba6 18. Qf7+ Kh8 19. Rf2 Qe5 20. Rfd2 g5 21. Qg6
Rf8 22. Rf2 Bc4 23. Rxf8+ Bxf8 24. Nf6 1-0